| 000 | 00559nam a22001577a 4500 | ||
|---|---|---|---|
| 005 | 2012061305015.0 | ||
| 020 |
_a8177450034 _cRs.450.00 (pbk) |
||
| 035 | _aB-60047 | ||
| 037 |
_aDPL _bENG |
||
| 100 |
_aSharma, Mukesh _948929 |
||
| 245 |
_aWhom and how to write complaint letters / _cby Mukesh Sharma |
||
| 260 |
_aNew Delhi _bStoreytellers _c2001 |
||
| 300 |
_axxiv, 792p. _c20 cms. |
||
| 942 |
_2ddc _cEN _h364.7 _mSHA |
||
| 999 |
_c67844 _d67844 |
||